[Event "New Delhi op 21st"]
[Site "New Delhi"]
[Date "2025.06.14"]
[Round "10"]
[White "Gupta, Abhijeet"]
[Black "Aronyak, Ghosh"]
[Result "1/2-1/2"]
[WhiteElo "2538"]
[BlackElo "2510"]
[PlyCount "20"]
[EventDate "2025.06.07"]
[EventType "swiss"]
[EventRounds "10"]
[EventCountry "IND"]
[SourceTitle "CB26_2025"]
[SourceDate "2025.06.25"]
[SourceVersion "1"]
[SourceVersionDate "2025.06.25"]
[SourceQuality "1"]

1. d4 d5 2. c4 c6 3. Nf3 Nf6 4. cxd5 cxd5 5. Nc3 Nc6 6. Bf4 Nh5 7. Bd2 Nf6 8. Bf4 Nh5 9. Bd2 Nf6 10. Bf4 Nh5 1/2-1/2

[Event "New Delhi op 21st"]
[Site "New Delhi"]
[Date "2025.06.12"]
[Round "8"]
[White "Petrosyan, Manuel"]
[Black "Gupta, Abhijeet"]
[Result "1/2-1/2"]
[WhiteElo "2541"]
[BlackElo "2538"]
[PlyCount "61"]
[EventDate "2025.06.07"]
[EventType "swiss"]
[EventRounds "10"]
[EventCountry "IND"]
[SourceTitle "CB26_2025"]
[SourceDate "2025.06.25"]
[SourceVersion "1"]
[SourceVersionDate "2025.06.25"]
[SourceQuality "1"]

1. d4 Nf6 2. Bg5 d5 3. e3 e6 4. c4 Be7 5. Nc3 h6 6. Bh4 0-0 7. Rc1 c6 8. Nf3 Nbd7 9. a3 Ne4 10. Bxe7 Qxe7 11. Qc2 Nxc3 12. Qxc3 dxc4 13. Bxc4 b6 14. Be2 Bb7 15. 0-0 Rfc8 16. b4 a5 17. Rfd1 axb4 18. axb4 c5 19. dxc5 bxc5 20. bxc5 Nxc5 21. Qe5 Nd7 22. Rxc8+ Rxc8 23. Qd6 Qxd6 24. Rxd6 Rc1+ 25. Rd1 Rxd1+ 26. Bxd1 Bxf3 27. Bxf3 Ne5 28. Be2 Nd7 29. Bf3 Ne5 30. Be2 Nd7 31. Bf3 1/2-1/2

[Event "New Delhi op 21st"]
[Site "New Delhi"]
[Date "2025.06.09"]
[Round "4"]
[White "Shahil, Dey"]
[Black "Gupta, Abhijeet"]
[Result "0-1"]
[WhiteElo "2366"]
[BlackElo "2538"]
[PlyCount "102"]
[EventDate "2025.06.07"]
[EventType "swiss"]
[EventRounds "10"]
[EventCountry "IND"]
[SourceTitle "CB26_2025"]
[SourceDate "2025.06.25"]
[SourceVersion "1"]
[SourceVersionDate "2025.06.25"]
[SourceQuality "1"]

1. Nf3 Nf6 2. b3 g6 3. Bb2 Bg7 4. g3 d6 5. d4 b5 6. Bg2 Bb7 7. 0-0 Nbd7 8. Qd3 a6 9. c4 bxc4 10. bxc4 Rb8 11. Qc2 Be4 12. Qc1 Bxf3 13. Bxf3 c5 14. Nd2 0-0 15. e3 Qc7 16. Qc2 cxd4 17. Bxd4 Nc5 18. Rab1 Nfd7 19. Nb3 Ne6 20. Rfc1 Rfc8 21. Qd2 h5 22. Bg2 Nec5 23. Bh3 e6 24. Bg2 Ne5 25. Nxc5 dxc5 26. Bxe5 Bxe5 27. Be4 Rd8 28. Qc2 Kg7 29. Qa4 h4 30. Kg2 Rxb1 31. Rxb1 Rd2 32. Rd1 Rb2 33. Rd7 Qb8 34. Qd1 h3+ 35. Kf3 Qh8 36. Rb7 Rxb7 37. Bxb7 Qh5+ 38. g4 Qh4 39. Qg1 f5 40. Ke2 fxg4 41. Bxa6 Qh5 42. Kd2 Qf5 43. Bb7 Bc7 44. Kc1 Be5 45. Kd2 Bc7 46. Kc1 Ba5 47. Bc6 Qe5 48. Qxg4 Qc3+ 49. Kb1 Qe1+ 50. Kc2 Qd2+ 51. Kb1 Bc3 0-1

[Event "New Delhi op 21st"]
[Site "New Delhi"]
[Date "2025.06.07"]
[Round "1"]
[White "Gupta, Abhijeet"]
[Black "Eugen, Mehul Shah"]
[Result "1-0"]
[WhiteElo "2538"]
[BlackElo "1870"]
[PlyCount "79"]
[EventDate "2025.06.07"]
[EventType "swiss"]
[EventRounds "10"]
[EventCountry "IND"]
[SourceTitle "CB26_2025"]
[SourceDate "2025.06.25"]
[SourceVersion "1"]
[SourceVersionDate "2025.06.25"]
[SourceQuality "1"]

1. d4 Nf6 2. c4 g6 3. Nc3 Bg7 4. e4 d6 5. h3 0-0 6. Be3 Nc6 7. d5 Ne5 8. f4 Ned7 9. Nge2 c6 10. Ng3 cxd5 11. cxd5 Re8 12. Be2 b6 13. 0-0 Bb7 14. Re1 Rc8 15. Bf3 Qc7 16. Nge2 Qb8 17. Nd4 Qa8 18. Bf2 a5 19. Ndb5 Nc5 20. e5 dxe5 21. fxe5 Nfd7 22. Bg3 Red8 23. Qe2 Nf8 24. Rad1 Rd7 25. Bg4 e6 26. Nd6 Ba6 27. Qe3 Rcd8 28. Bh4 Rxd6 29. exd6 Rxd6 30. dxe6 Rd3 31. exf7+ Kxf7 32. Rxd3 Bxd3 33. Bf3 Qc8 34. Qe7+ Kg8 35. Bd5+ Kh8 36. Bf6 Nfe6 37. Bxe6 Nxe6 38. Rxe6 Qc5+ 39. Qxc5 bxc5 40. Re8# 1-0

[Event "Dubai op-A 25th"]
[Site "Dubai"]
[Date "2025.05.31"]
[Round "5"]
[White "Strybuk, Artsiom I"]
[Black "Gupta, Abhijeet"]
[Result "1/2-1/2"]
[WhiteElo "2433"]
[BlackElo "2577"]
[PlyCount "94"]
[EventDate "2025.05.27"]
[EventType "swiss"]
[EventRounds "9"]
[EventCountry "UAE"]
[SourceTitle "CB23_2025"]
[SourceDate "2025.06.04"]
[SourceVersion "1"]
[SourceVersionDate "2025.06.04"]
[SourceQuality "1"]

1. c4 e5 2. Nc3 Bb4 3. e3 Nf6 4. Nge2 0-0 5. a3 Bxc3 6. Nxc3 Re8 7. b4 b6 8. Be2 Bb7 9. 0-0 d5 10. cxd5 Nxd5 11. Bb2 Nxc3 12. Bxc3 Qg5 13. Bf3 e4 14. Be2 Nd7 15. f4 exf3 16. Bxf3 Bxf3 17. Qxf3 Qg6 18. Qb7 Qd6 19. Rf4 c5 20. Raf1 f6 21. Rg4 Qe7 22. bxc5 bxc5 23. Bxf6 Nxf6 24. Qxe7 Rxe7 25. Rxf6 Rd8 26. Rf2 Red7 27. Ra4 h6 28. Kf1 Rxd2 29. Rxd2 Rxd2 30. Rxa7 Ra2 31. e4 c4 32. Rc7 Rxa3 33. Rxc4 Ra2 34. Rc3 Kf7 35. Re3 Ke6 36. Re2 Ra1+ 37. Kf2 Ke5 38. Kg3 Ra6 39. Kf3 h5 40. h4 Rf6+ 41. Kg3 Rg6+ 42. Kh3 Ra6 43. g3 g6 44. Kg2 Ra1 45. Kf2 Rb1 46. Re3 Ra1 47. Kg2 Rb1 1/2-1/2

[Event "Dubai op-A 25th"]
[Site "Dubai"]
[Date "2025.05.29"]
[Round "3"]
[White "Al Hosani, Omran"]
[Black "Gupta, Abhijeet"]
[Result "1/2-1/2"]
[WhiteElo "2299"]
[BlackElo "2577"]
[PlyCount "152"]
[EventDate "2025.05.27"]
[EventType "swiss"]
[EventRounds "9"]
[EventCountry "UAE"]
[SourceTitle "CB23_2025"]
[SourceDate "2025.06.04"]
[SourceVersion "1"]
[SourceVersionDate "2025.06.04"]
[SourceQuality "1"]

1. d4 Nf6 2. c4 e6 3. Nf3 d5 4. g3 Bb4+ 5. Bd2 Be7 6. Bg2 0-0 7. 0-0 Nbd7 8. Qc2 c6 9. Bf4 a5 10. Rd1 a4 11. a3 Ne4 12. Ne5 f5 13. Nc3 g5 14. Nxd7 Bxd7 15. Be5 Nxc3 16. Qxc3 Qa5 17. c5 b5 18. Qe3 Qd8 19. f4 Ra7 20. Rf1 Rb7 21. Qc3 Be8 22. Qb4 Ra7 23. Rfb1 Bf6 24. Bd6 Rff7 25. Rf1 h5 26. Qc3 Rg7 27. fxg5 Bxg5 28. Rf2 h4 29. Raf1 hxg3 30. hxg3 Raf7 31. Bf3 Rh7 32. Rg2 Qf6 33. Kf2 Rh3 34. Bf4 Rfh7 35. Qe3 Rg7 36. Rfg1 Bh5 37. Bxg5 Rxg5 38. Qf4 Bg4 39. Ke3 Rg7 40. Kd3 Kh7 41. Rf2 Qh6 42. Ke3 Bxf3 43. exf3 Kg8 44. Qxh6 Rxh6 45. Kf4 Kf7 46. Re2 Rh3 47. Reg2 Kf6 48. Re2 Ke7 49. Rge1 Rh6 50. Rg1 Rg8 51. Rgg2 Rgh8 52. Re1 Rh2 53. Rge2 R8h6 54. Kg5 Kf7 55. Kf4 R2h3 56. Rg1 Rg6 57. Reg2 Kf6 58. Re2 Ke7 59. Reg2 Kd7 60. Re1 Kc7 61. Ree2 Kb7 62. Rh2 Rgxg3 63. Rxh3 Rxh3 64. Rxe6 Rh2 65. Ke5 b4 66. Kd6 Rxb2 67. axb4 Rxb4 68. Re7+ Ka6 69. Kxc6 Rxd4 70. Re8 Ka5 71. Kd6 Rc4 72. Kxd5 Rc3 73. Ra8+ Kb5 74. Rb8+ Ka5 75. Ra8+ Kb5 76. Rb8+ Ka5 1/2-1/2

[Event "Sharjah Masters-A 8th"]
[Site "Sharjah"]
[Date "2025.05.19"]
[Round "3"]
[White "Madaminov, Mukhiddin"]
[Black "Gupta, Abhijeet"]
[Result "1-0"]
[WhiteElo "2520"]
[BlackElo "2577"]
[PlyCount "111"]
[EventDate "2025.05.17"]
[EventType "swiss"]
[EventRounds "9"]
[EventCountry "UAE"]
[SourceTitle "CB22_2025"]
[SourceDate "2025.05.28"]
[SourceVersion "1"]
[SourceVersionDate "2025.05.28"]
[SourceQuality "1"]

1. e4 e5 2. Nf3 Nc6 3. Bc4 Nf6 4. d3 Be7 5. 0-0 0-0 6. Nc3 d6 7. a3 Bg4 8. h3 Bxf3 9. Qxf3 Nd4 10. Qd1 c6 11. Ba2 Ne6 12. Ne2 d5 13. Ng3 dxe4 14. dxe4 Qxd1 15. Rxd1 Bc5 16. Kf1 Rfd8 17. Bd2 Kf8 18. f3 Ke8 19. Nf5 Nh5 20. Bb4 Bxb4 21. axb4 Nd4 22. Nxd4 Rxd4 23. Rxd4 exd4 24. Bb3 Ke7 25. Kf2 Nf4 26. Ra5 f6 27. h4 b6 28. Ra1 a5 29. g3 Ng6 30. f4 Kd6 31. Ke2 c5 32. bxa5 bxa5 33. Kd3 Ne7 34. c3 Rb8 35. Kc4 Nc6 36. Ra2 Re8 37. Kd3 h6 38. h5 Rb8 39. Ba4 Nd8 40. Kc4 Ne6 41. Bb3 Ra8 42. Kd3 Nc7 43. cxd4 cxd4 44. Kxd4 Rb8 45. Bc4 Kc6 46. e5 fxe5+ 47. fxe5 Rb4 48. b3 Kb6 49. Kc3 Nb5+ 50. Kd3 Na7 51. Ke4 Nc6 52. Kd5 Ne7+ 53. Ke6 Nc6 54. Kd6 Kb7 55. e6 Nd4 56. e7 1-0

[Event "Sharjah Masters-A 8th"]
[Site "Sharjah"]
[Date "2025.05.17"]
[Round "1"]
[White "Assaubayeva, Bibissara"]
[Black "Gupta, Abhijeet"]
[Result "1/2-1/2"]
[WhiteElo "2494"]
[BlackElo "2577"]
[PlyCount "195"]
[EventDate "2025.05.17"]
[EventType "swiss"]
[EventRounds "9"]
[EventCountry "UAE"]
[SourceTitle "CB22_2025"]
[SourceDate "2025.05.28"]
[SourceVersion "1"]
[SourceVersionDate "2025.05.28"]
[SourceQuality "1"]

1. e4 c5 2. Nf3 d6 3. d4 cxd4 4. Nxd4 Nf6 5. Nc3 a6 6. f4 e5 7. Nb3 Nc6 8. f5 Be7 9. Bd3 d5 10. Nxd5 Nxd5 11. exd5 Qxd5 12. Qg4 Nb4 13. 0-0 Nxd3 14. Qxg7 Rf8 15. cxd3 Bd7 16. f6 Bd6 17. Qxh7 Bc6 18. Qe4 Qb5 19. Qg4 Bd7 20. Qe2 Rg8 21. Be3 Bg4 22. Qe1 Bh3 23. Rf2 Qd5 24. Qe2 0-0-0 25. Nd2 Bg4 26. Qf1 Kb8 27. Ne4 Bc7 28. Rd2 Ba5 29. Nc3 Qc6 30. Rc1 Rg6 31. Rf2 Qd7 32. Bc5 Bxc3 33. Rxc3 Bh3 34. Qe2 Qd5 35. g3 e4 36. d4 Qxa2 37. Rc1 Qd5 38. Qe3 Ka8 39. Re1 Re8 40. Rf4 Rg4 41. Rxg4 Bxg4 42. b4 Bd7 43. Qf4 Bc6 44. Qe3 Rh8 45. Re2 Bb5 46. Qxe4 Qc4 47. Re1 Qa2 48. Qg2 Qb3 49. d5 Qd3 50. h4 Bc4 51. d6 Bb5 52. Kh2 Bc6 53. Qe2 Qf5 54. Rf1 Qg5 55. Qf2 Qd5 56. Re1 Rg8 57. Kh3 Bd7+ 58. Kh2 Bc6 59. Kh3 Qd3 60. Re3 Qd1 61. Re1 Qg4+ 62. Kh2 Rh8 63. Re3 Qd1 64. Re1 Qd5 65. Kh3 Rg8 66. Kh2 Rb8 67. Kh3 b6 68. Bd4 Qxd6 69. Be5 Qd7+ 70. Kh2 Re8 71. Bf4 Rxe1 72. Qxe1 Qd5 73. Qf1 Kb7 74. g4 Qa2+ 75. Kg1 Qe6 76. Qd1 Qe4 77. Qf1 Qh1+ 78. Kf2 Qxh4+ 79. Ke3 Qxf6 80. Qc4 Qe7+ 81. Kd2 Qd7+ 82. Kc3 Bd5 83. Qd4 Qc6+ 84. Kb2 Qb5 85. Ka3 a5 86. Bd2 a4 87. Be3 Bc6 88. g5 Kc8 89. Qh8+ Kd7 90. Qd4+ Ke6 91. Qf6+ Kd7 92. Qxf7+ Kc8 93. Qg8+ Be8 94. Qe6+ Bd7 95. Qe4 Bc6 96. Qg4+ Bd7 97. Qe4 Bc6 98. Qg4+ 1/2-1/2

[Event "Asia-ch"]
[Site "Al Ain"]
[Date "2025.05.08"]
[Round "2"]
[White "Gupta, Abhijeet"]
[Black "Senthil, Maran K"]
[Result "1-0"]
[WhiteElo "2577"]
[BlackElo "2355"]
[PlyCount "45"]
[EventDate "2025.05.07"]
[EventType "swiss"]
[EventRounds "9"]
[EventCountry "UAE"]
[SourceTitle "CB21_2025"]
[SourceDate "2025.05.21"]
[SourceVersion "1"]
[SourceVersionDate "2025.05.21"]
[SourceQuality "1"]

1. d4 Nf6 2. c4 b6 3. Nc3 Bb7 4. Qc2 Nc6 5. Nf3 Nb4 6. Qb1 Bxf3 7. gxf3 e6 8. a3 Nc6 9. e3 g6 10. f4 Bg7 11. d5 Ne7 12. e4 0-0 13. Be2 a6 14. Be3 b5 15. e5 Nh5 16. Bxh5 gxh5 17. Qc2 bxc4 18. 0-0-0 Qb8 19. dxe6 dxe6 20. Bc5 Re8 21. Bxe7 Rxe7 22. Ne4 Qb5 23. Rhg1 1-0

[Event "Asia-ch"]
[Site "Al Ain"]
[Date "2025.05.07"]
[Round "1"]
[White "Bai, Adelard"]
[Black "Gupta, Abhijeet"]
[Result "1/2-1/2"]
[WhiteElo "2393"]
[BlackElo "2577"]
[PlyCount "48"]
[EventDate "2025.05.07"]
[EventType "swiss"]
[EventRounds "9"]
[EventCountry "UAE"]
[SourceTitle "CB21_2025"]
[SourceDate "2025.05.21"]
[SourceVersion "1"]
[SourceVersionDate "2025.05.21"]
[SourceQuality "1"]

1. d4 Nf6 2. c4 g6 3. Nc3 d5 4. Bg5 Ne4 5. Bf4 Nxc3 6. bxc3 dxc4 7. e4 Bg7 8. Bxc4 0-0 9. Ne2 c5 10. d5 Nd7 11. 0-0 Ne5 12. Bxe5 Bxe5 13. f4 Bg7 14. e5 Kh8 15. Ng3 Qa5 16. Qf3 b5 17. d6 exd6 18. Qxa8 bxc4 19. exd6 Qxc3 20. Kh1 Bg4 21. Qxa7 Kg8 22. Qxc5 Rc8 23. Qg5 h5 24. f5 Bf6 1/2-1/2

[Event "Kuwait Rapid op 3rd"]
[Site "Kuwait City"]
[Date "2025.05.03"]
[Round "6"]
[White "Laming, Ferdinand"]
[Black "Gupta, Abhijeet"]
[Result "0-1"]
[WhiteElo "1904"]
[BlackElo "2577"]
[PlyCount "64"]
[EventDate "2025.05.02"]
[EventType "swiss (rapid)"]
[EventRounds "9"]
[EventCountry "KUW"]
[SourceTitle "CB19_2025"]
[SourceDate "2025.05.07"]
[SourceVersion "1"]
[SourceVersionDate "2025.05.07"]
[SourceQuality "1"]

1. d4 Nf6 2. Bf4 g6 3. Nf3 Bg7 4. e3 0-0 5. Be2 c5 6. c3 Qb6 7. Qc1 d6 8. 0-0 Be6 9. Nbd2 Rc8 10. dxc5 Qxc5 11. Bg3 Nc6 12. Qc2 b5 13. a3 Qb6 14. Nb3 Bf5 15. Qd1 Bd7 16. Bh4 h6 17. Re1 a5 18. Nbd4 Nd8 19. Nc2 Ne6 20. Nfd4 Nc5 21. Bf3 Rab8 22. Be2 g5 23. Bg3 e5 24. Nf3 Bf5 25. h4 g4 26. Nh2 h5 27. Rf1 Nfe4 28. Re1 Na4 29. Rb1 Naxc3 30. bxc3 Nxc3 31. Qd2 Nxb1 32. Rxb1 Rxc2 0-1

[Event "Kuwait Rapid op 3rd"]
[Site "Kuwait City"]
[Date "2025.05.02"]
[Round "5"]
[White "Gupta, Abhijeet"]
[Black "Ahmad, Al Romaithi"]
[Result "1-0"]
[WhiteElo "2577"]
[BlackElo "1978"]
[PlyCount "79"]
[EventDate "2025.05.02"]
[EventType "swiss (rapid)"]
[EventRounds "9"]
[EventCountry "KUW"]
[SourceTitle "CB19_2025"]
[SourceDate "2025.05.07"]
[SourceVersion "1"]
[SourceVersionDate "2025.05.07"]
[SourceQuality "1"]

1. Nf3 Nf6 2. c4 e6 3. d4 d5 4. Nc3 c6 5. Bg5 Nbd7 6. e3 Qa5 7. Nd2 Be7 8. Be2 dxc4 9. Bxf6 Nxf6 10. Nxc4 Qd8 11. 0-0 0-0 12. Rc1 b6 13. Bf3 Bb7 14. a3 Rc8 15. b4 Qc7 16. Qb3 Qb8 17. h3 Qa8 18. Ne5 Rfd8 19. Rc2 Nd7 20. Nd3 Rc7 21. Rfc1 Rdc8 22. a4 c5 23. Bxb7 Rxb7 24. dxc5 bxc5 25. Ne4 Rcb8 26. b5 Rc7 27. Nexc5 Bxc5 28. Nxc5 Nxc5 29. Rxc5 Rxc5 30. Rxc5 Rd8 31. Qc2 g6 32. Rc4 Qb7 33. Rd4 Rc8 34. Qd2 a6 35. Rd8+ Rxd8 36. Qxd8+ Kg7 37. b6 Qc6 38. a5 Qc1+ 39. Kh2 Qa1 40. Qd4+ 1-0

[Event "Reykjavik op"]
[Site "Reykjavik"]
[Date "2025.04.15"]
[Round "9"]
[White "Gupta, Abhijeet"]
[Black "Maghsoodloo, Parham"]
[Result "1/2-1/2"]
[WhiteElo "2576"]
[BlackElo "2684"]
[PlyCount "38"]
[EventDate "2025.04.09"]
[EventType "swiss"]
[EventRounds "9"]
[EventCountry "ISL"]
[SourceTitle "CB17_2025"]
[SourceDate "2025.04.23"]
[SourceVersion "1"]
[SourceVersionDate "2025.04.23"]
[SourceQuality "1"]

1. d4 Nf6 2. c4 e6 3. Nf3 d5 4. Nc3 Nbd7 5. Qc2 dxc4 6. e4 Nb6 7. Be3 Bd7 8. Be2 Ng4 9. Bf4 Bd6 10. e5 Be7 11. Nd2 h5 12. h3 Nh6 13. Nxc4 Bc6 14. 0-0-0 Nd5 15. Nxd5 Qxd5 16. Bf3 Qb5 17. Be2 Qd5 18. Bf3 Qb5 19. Be2 Qd5 1/2-1/2

[Event "Reykjavik op"]
[Site "Reykjavik"]
[Date "2025.04.10"]
[Round "2"]
[White "Gupta, Abhijeet"]
[Black "Bjornsson, Sigurbjorn"]
[Result "1-0"]
[WhiteElo "2576"]
[BlackElo "2303"]
[PlyCount "103"]
[EventDate "2025.04.09"]
[EventType "swiss"]
[EventRounds "9"]
[EventCountry "ISL"]
[SourceTitle "CB17_2025"]
[SourceDate "2025.04.23"]
[SourceVersion "1"]
[SourceVersionDate "2025.04.23"]
[SourceQuality "1"]

1. d4 Nf6 2. c4 e6 3. Nf3 d5 4. g3 Nbd7 5. Bg2 dxc4 6. 0-0 Rb8 7. a4 a6 8. a5 Bd6 9. Nfd2 b5 10. axb6 Nxb6 11. Nxc4 Nxc4 12. Qa4+ Rb5 13. Bc6+ Nd7 14. Qxc4 Rb4 15. Qc3 0-0 16. Bf4 Nb6 17. Nd2 Be7 18. Rfd1 Nd5 19. Bxd5 Qxd5 20. Qxc7 Bb7 21. Nf3 Bf6 22. Bd6 Rc8 23. Qxc8+ Bxc8 24. Bxb4 Bb7 25. Re1 Qe4 26. Ra3 g5 27. Re3 Qd5 28. g4 h5 29. h3 hxg4 30. hxg4 Bxd4 31. Rd1 e5 32. Rxe5 Bxf2+ 33. Kxf2 Qxd1 34. Rxg5+ Kh7 35. Rh5+ Kg6 36. Ne5+ Kf6 37. Rf5+ Ke6 38. Nd3 Bh1 39. Rc5 a5 40. Rc1 Qxc1 41. Nxc1 axb4 42. Nd3 b3 43. Ke3 Kd5 44. Kf4 Kd4 45. Ne5 Bd5 46. e3+ Kc5 47. Kf5 f6 48. Kxf6 Bg8 49. Nd3+ Kd5 50. Kg7 Ke4 51. Nc5+ Kxe3 52. Kxg8 1-0

[Event "AUT-chT 2425"]
[Site "Austria"]
[Date "2024.10.13"]
[Round "5.1"]
[White "Gupta, Abhijeet"]
[Black "Kadric, Denis"]
[Result "1/2-1/2"]
[WhiteElo "2573"]
[BlackElo "2558"]
[PlyCount "137"]
[EventDate "2024.10.09"]
[EventType "team-tourn"]
[EventRounds "11"]
[EventCountry "AUT"]
[SourceTitle "CB42_2024"]
[Source "ChessBase"]
[SourceDate "2024.10.16"]
[SourceVersion "1"]
[SourceVersionDate "2024.10.16"]
[SourceQuality "1"]
[WhiteTeam "St Veit"]
[BlackTeam "Pinggau Friedberg"]
[WhiteTeamCountry "AUT"]
[BlackTeamCountry "AUT"]

1. d4 d6 2. e4 Nf6 3. Nc3 e5 4. Nf3 Nbd7 5. Rg1 c6 6. g4 h6 7. Be3 Be7 8. a3 Qa5 9. Nd2 Nf8 10. h4 h5 11. gxh5 exd4 12. Nc4 Qxh5 13. Qxd4 d5 14. exd5 cxd5 15. Rg5 Qxh4 16. Qxh4 Rxh4 17. Nxd5 Ne6 18. Nxe7 Kxe7 19. Ra5 a6 20. Nb6 Rb8 21. 0-0-0 Bd7 22. f4 g6 23. Re5 Bc6 24. Bc5+ Ke8 25. Nc4 Nd7 26. Nd6+ Kf8 27. Rxe6 fxe6 28. Nf5+ Nxc5 29. Nxh4 Kg7 30. Bg2 Bxg2 31. Nxg2 Rf8 32. b4 Na4 33. c4 Nb6 34. Rd4 e5 35. Re4 exf4 36. Nxf4 Kf7 37. Rd4 g5 38. Nd3 Kg6 39. c5 Nc8 40. Kd2 Re8 41. a4 Re7 42. Kc3 Na7 43. Rd6+ Kf5 44. Rd5+ Kf6 45. Nf2 Kg6 46. Ng4 Kh5 47. Nf6+ Kg6 48. Rd6 Kf5 49. Nd5 Rg7 50. Kd3 g4 51. Ne3+ Ke5 52. Rd5+ Kf4 53. Rf5+ Kg3 54. Rf6 Rd7+ 55. Ke2 Re7 56. Kd3 Rd7+ 57. Rd6 Rf7 58. Rg6 Rf4 59. Nd5 Rf7 60. Nf6 Nc6 61. Nxg4 Nxb4+ 62. Kc3 Rf4 63. Ne5+ Kf2 64. a5 Nd5+ 65. Kc2 Ke3 66. c6 bxc6 67. Nxc6 Rc4+ 68. Kb3 Rc3+ 69. Kb2 1/2-1/2

[Event "AUT-chT 2425"]
[Site "Austria"]
[Date "2024.10.11"]
[Round "3.1"]
[White "Gupta, Abhijeet"]
[Black "Kozak, Adam"]
[Result "1/2-1/2"]
[WhiteElo "2573"]
[BlackElo "2600"]
[PlyCount "100"]
[EventDate "2024.10.09"]
[EventType "team-tourn"]
[EventRounds "11"]
[EventCountry "AUT"]
[SourceTitle "CB42_2024"]
[Source "ChessBase"]
[SourceDate "2024.10.16"]
[SourceVersion "1"]
[SourceVersionDate "2024.10.16"]
[SourceQuality "1"]
[WhiteTeam "St Veit"]
[BlackTeam "Fuerstenfeld/Hartberg"]
[WhiteTeamCountry "AUT"]
[BlackTeamCountry "AUT"]

1. d4 Nf6 2. c4 e6 3. Nf3 d5 4. Nc3 Nbd7 5. Qc2 c6 6. cxd5 exd5 7. Bg5 Be7 8. e3 Nh5 9. Bxe7 Qxe7 10. h3 g6 11. 0-0-0 Nb6 12. Bd3 Be6 13. Kb1 0-0-0 14. Na4 Kb8 15. Rc1 Ng7 16. Qb3 Nxa4 17. Qxa4 Bf5 18. Rhd1 f6 19. Ka1 Rc8 20. Bf1 Bd7 21. Rc3 Rc7 22. Ra3 b6 23. Rc3 Nf5 24. Qc2 Nd6 25. Bd3 g5 26. Rc1 h6 27. Nd2 Rhc8 28. a3 c5 29. dxc5 Rxc5 30. Rxc5 Rxc5 31. Qb1 Ne4 32. Bxe4 Rxc1 33. Qxc1 dxe4 34. Qc3 Qd6 35. b4 f5 36. Kb2 Be6 37. Kc2 Kb7 38. Kb2 Kb8 39. g3 Kb7 40. h4 gxh4 41. gxh4 Qd8 42. b5 Qd5 43. a4 a6 44. Qg7+ Bd7 45. Nb3 axb5 46. axb5 Qxb5 47. Qxh6 Qe2+ 48. Ka3 Qa6+ 49. Kb2 Qe2+ 50. Ka3 Qa6+ 1/2-1/2

[Event "AUT-chT 2425"]
[Site "Austria"]
[Date "2024.10.09"]
[Round "1.1"]
[White "Gupta, Abhijeet"]
[Black "Pechac, Jergus"]
[Result "1/2-1/2"]
[WhiteElo "2573"]
[BlackElo "2582"]
[PlyCount "178"]
[EventDate "2024.10.09"]
[EventType "team-tourn"]
[EventRounds "11"]
[EventCountry "AUT"]
[SourceTitle "CB42_2024"]
[Source "ChessBase"]
[SourceDate "2024.10.16"]
[SourceVersion "1"]
[SourceVersionDate "2024.10.16"]
[SourceQuality "1"]
[WhiteTeam "St Veit"]
[BlackTeam "Mistelbach"]
[WhiteTeamCountry "AUT"]
[BlackTeamCountry "AUT"]

1. d4 Nf6 2. Nf3 d5 3. c4 e6 4. Nc3 c5 5. cxd5 cxd4 6. Qxd4 exd5 7. e4 dxe4 8. Qxd8+ Kxd8 9. Ng5 Be6 10. a3 Nbd7 11. Bf4 h6 12. Ngxe4 Nxe4 13. Nxe4 Rc8 14. Rd1 f5 15. Nd2 g5 16. Be3 Bg7 17. Bb5 a6 18. Bxd7 Kxd7 19. f4 Rc2 20. 0-0 Kc8 21. Rc1 Rxc1 22. Rxc1+ Kb8 23. fxg5 hxg5 24. Bxg5 Bxb2 25. Re1 Bd5 26. h4 Bd4+ 27. Kf1 Bc6 28. g3 Bc5 29. Bf4+ Ka7 30. Re5 Bb5+ 31. Kg2 Bc6+ 32. Kf1 Bb5+ 33. Kg2 Bc6+ 34. Kh2 Bd4 35. Be3 Bxe3 36. Rxe3 Kb6 37. Re5 f4 38. gxf4 Rxh4+ 39. Kg3 Rh8 40. f5 Kc7 41. Nf3 Kd6 42. Re6+ Kc5 43. Ng5 Bd7 44. Re7 Bxf5 45. Re5+ Kc4 46. Rxf5 Rd8 47. Kf4 Rd3 48. a4 Ra3 49. a5 Kb4 50. Rf7 Rxa5 51. Rxb7+ Kc4 52. Ne4 Rh5 53. Nf6 Rh4+ 54. Ke5 Rh1 55. Rc7+ Kd3 56. Rd7+ Kc4 57. Rd4+ Kb5 58. Rd2 Kc4 59. Rc2+ Kd3 60. Ra2 Rg1 61. Ne4 Rg8 62. Ra3+ Ke2 63. Nf6 Rh8 64. Ng4 a5 65. Ke4 Kd2 66. Nf6 a4 67. Kd4 Kc2 68. Ne4 Rd8+ 69. Kc4 Rc8+ 70. Nc5 Kd2 71. Rh3 Ke2 72. Rg3 Ra8 73. Ra3 Rc8 74. Kd4 Rd8+ 75. Ke5 Re8+ 76. Ne6 Kd2 77. Kd5 Ra8 78. Kd4 Kc2 79. Rc3+ Kb2 80. Nc5 Rd8+ 81. Kc4 Rc8 82. Rh3 a3 83. Rb3+ Ka2 84. Rb5 Ka1 85. Kc3 a2 86. Kd2 Rxc5 87. Rxc5 Kb2 88. Rb5+ Ka1 89. Ra5 Kb2 1/2-1/2

[Event "Bundesliga 2425"]
[Site "Germany"]
[Date "2024.10.06"]
[Round "2.7"]
[White "Gupta, Abhijeet"]
[Black "Dragnev, Valentin"]
[Result "1/2-1/2"]
[WhiteElo "2573"]
[BlackElo "2556"]
[PlyCount "116"]
[EventDate "2024.09.28"]
[EventType "team-tourn"]
[EventRounds "15"]
[EventCountry "GER"]
[SourceTitle "EXT 2025"]
[Source "ChessBase"]
[SourceDate "2024.10.14"]
[SourceVersion "1"]
[SourceVersionDate "2024.10.14"]
[SourceQuality "1"]
[WhiteTeam "Deizisau"]
[BlackTeam "Bayern Muenchen"]
[WhiteTeamCountry "GER"]
[BlackTeamCountry "GER"]

1. d4 Nf6 2. c4 e6 3. Nf3 d5 4. g3 Bb4+ 5. Bd2 Be7 6. Bg2 0-0 7. 0-0 c6 8. Qc2 Nbd7 9. Bf4 a5 10. Rd1 a4 11. a3 Ne4 12. Nc3 Nxc3 13. bxc3 b5 14. c5 g5 15. Bd2 f5 16. Qc1 g4 17. Ne1 e5 18. Nd3 e4 19. Nb4 Rf6 20. Bg5 Rg6 21. Bxe7 Qxe7 22. f3 Nf8 23. fxe4 fxe4 24. Rf1 Bd7 25. Qe3 Ne6 26. Rf2 Rf8 27. Raf1 Rgf6 28. h4 Kg7 29. Nc2 Rxf2 30. Rxf2 Rxf2 31. Qxf2 Qf6 32. e3 Kf7 33. Qe1 Ke7 34. Bf1 Nd8 35. Be2 Nb7 36. Qd1 Na5 37. Ne1 h5 38. Ng2 Be8 39. Nf4 Bf7 40. Qb1 Kf8 41. Kf2 Nb3 42. Bd1 Na5 43. Qb4 Qd8 44. Be2 Qc7 45. Ke1 Ke7 46. Kd2 Kd8 47. Kc2 Kc8 48. Qb1 Be8 49. Kd1 Nb3 50. Ke1 Qa5 51. Qb2 Qc7 52. Kf2 Bf7 53. Kg2 Qd8 54. Qb1 Qf6 55. Qd1 Qf5 56. Qe1 Qd7 57. Qf1 Nd2 58. Qf2 Nb3 1/2-1/2

[Event "Aix en Provence Dole op 2nd"]
[Site "Aix en Provence"]
[Date "2024.07.28"]
[Round "9"]
[White "Gupta, Abhijeet"]
[Black "Bournel, Antoine"]
[Result "1-0"]
[WhiteElo "2587"]
[BlackElo "2355"]
[PlyCount "77"]
[EventDate "2024.07.20"]
[EventType "swiss"]
[EventRounds "9"]
[EventCountry "FRA"]
[SourceTitle "CBM 221 Extra"]
[Source "ChessBase"]
[SourceDate "2024.09.30"]
[SourceVersion "1"]
[SourceVersionDate "2024.09.30"]
[SourceQuality "1"]

1. Nf3 g6 2. d4 Bg7 3. c4 d6 4. e4 Bg4 5. Be2 Nc6 6. Be3 Bxf3 7. Bxf3 e5 8. d5 Nd4 9. Nc3 c5 10. dxc6 bxc6 11. 0-0 Ne7 12. b4 0-0 13. a4 Rb8 14. Rb1 Qc8 15. Be2 Qe6 16. Bd3 Rb7 17. a5 a6 18. b5 Rfb8 19. Qa4 Qd7 20. Qa2 Ra8 21. bxa6 Rxa6 22. Rxb7 Qxb7 23. c5 Ra8 24. a6 Qa7 25. Na4 dxc5 26. Rb1 Rb8 27. Rxb8+ Qxb8 28. Nb6 Qa7 29. Bc4 Kf8 30. h3 Ke8 31. Bxf7+ Kd8 32. Qa5 Nb5 33. Bxc5 Qc7 34. Qd2+ Nd4 35. Qg5 Nb5 36. Nc4 Qd7 37. Nb6 Qc7 38. Be6 Ke8 39. Bd7+ 1-0